| 000 | 00686nam a22001575i 4500 | ||
|---|---|---|---|
| 001 | 171212 | ||
| 003 | ES-MaACL | ||
| 005 | 20251115063316.0 | ||
| 008 | 090505s1847 sp |||| | spa d | ||
| 100 | 1 |
_aCalvo Asensio, Pedro, _d1821-1863 _9140024 |
|
| 245 | 1 | 0 |
_aInfantes improvisados _b: comedia original en un acto y en verso / _cde Pedro Calvo Asensio. |
| 260 |
_aMadrid : _b[s.n.], _c1847 ( _fImp. de José María Repullés) |
||
| 300 |
_a36 p. ; _c18 cm. |
||
| 852 |
_aES-MaACL _jF-8589(16) _z.- Enc. pasta española _q- Falto de la cub. original _z- Enc. en un vol. facticio, formando parte de la col. facticia "Teatro español moderno", vol. 42 |
||
| 999 |
_c171212 _d171212 |
||